Dua Lipa - Paroles One Kiss (feat. Calvin Harris) - Statistiques

Statistiques générales
  • Ce quiz a été pris 46 fois
  • Le résultat moyen est 212 sur 286
Statistiques - réponses
Hint Réponse % Correct
a
100%
kiss
100%
On
100%
on
100%
Intro | Post-refrain | Refrain One
100%
I
97%
love
97%
Fallin'
93%
in
93%
me
93%
take
93%
Take
93%
with
93%
all
90%
you
90%
you,
90%
it
86%
is
83%
Possibilities
83%
takes
83%
need
76%
like
69%
look
66%
'Cause
62%
I'm
62%
the
62%
The
62%
lost
59%
feel
55%
Feel
55%
Couplet 1 Let
55%
let
55%
move,
55%
way
55%
eyes
52%
see
52%
Bridge See
52%
sleep
52%
Pré-refrain Something
52%
my
48%
time
48%
when
48%
your
48%
And
45%
feeling
45%
wanna
45%
won't
45%
company
41%
know
41%
loud
41%
mine
41%
smile
41%
tonight
41%
do
38%
easy
38%
moon
38%
music
38%
night,
38%
skin
38%
that
38%
up
38%
heaven
34%
just
34%
out
34%
Passion
34%
real
34%
wonderland
34%
exploring
31%
morning,
31%
still
31%
Sunday
31%
you'll
31%
while
28%
lit
24%
Might
24%
message
21%
Aucun quiz correspondant
Distribution des résultats
% des personnes avec chaque résultat
Percentile par nombre de réponses
Votre historique - résultats
Vous n’avez pas pris ce quiz